Library Banner

Business, government, and society (Record no. 55650)

MARC details
000 -LEADER
fixed length control field 00581nam a2200205Ia 4500
001 - CONTROL NUMBER
control field 58385
008 - FIXED-LENGTH DATA ELEMENTS--GENERAL INFORMATION
fixed length control field 140507s9999 xx 000 0 und d
020 ## - INTERNATIONAL STANDARD BOOK NUMBER
International Standard Book Number 9781259009457
040 ## - CATALOGING SOURCE
Transcribing agency PK-LaUMT
082 ## - DEWEY DECIMAL CLASSIFICATION NUMBER
Classification number 658.408
Item number STE-B
100 ## - MAIN ENTRY--PERSONAL NAME
Personal name Steiner, John F.
245 ## - TITLE STATEMENT
Title Business, government, and society
Remainder of title a managerial perspective, text and cases
Statement of responsibility, etc Steiner, John F.<>Steiner, George A.
250 ## - EDITION STATEMENT
Edition statement 13th
260 ## - PUBLICATION, DISTRIBUTION, ETC. (IMPRINT)
Place of publication, distribution, etc New York,USA:
Name of publisher, distributor, etc McGraw-Hill,
Date of publication, distribution, etc 2012
300 ## - PHYSICAL DESCRIPTION
Extent 696 p.
546 ## - LANGUAGE NOTE
Language note EN
650 ## - SUBJECT ADDED ENTRY--TOPICAL TERM
Topical term or geographic name as entry element Industrial policy-USA
700 ## - ADDED ENTRY--PERSONAL NAME
Personal name Steiner, George A.
942 ## - ADDED ENTRY ELEMENTS (KOHA)
Koha item type Books
Holdings
Withdrawn status Lost status Damaged status Not for loan Home library Current library Date acquired Total Checkouts Full call number Barcode Date last seen Price effective from Koha item type
        UMT Main Campus UMT Main Campus 2014-05-07   658.408 STE-B 77447 2014-05-08 2014-05-08 Books